00659 2200241 4500001002100000005001700021008004100038020001800079035002400097040001200121082000800133090001700141100002300158245007400181250001000255260003100265300002400296500002600320650002900346850001200375990001500387990001500402YOGYA-0209000003477620090227024926.0 ind  a979-413-520-8 0010-020900000034776 aYOPDYOG a632 aT 632bSud P aSUDARMO, Subiyakto aPengendalian serangga hama penyakit dan gulma padicSubiyakto Sudarmo aCet.4 aYogyakartabKanisiusc1995 a67 hlmbilusc21 cm aBibliografi : hlm. 67 aPadi - Hama dan penyakit aYOPDYOG a96P0088806 a94P0047555